Statistics for Current NBA Players Who Played College Basketball At Duke

Click here to take the quiz!

General Stats

  • This quiz has been taken 169 times
    (149 since last reset)
  • The average score is 9 of 22

Answer Stats

Team Player % Correct
Boston CelticsKyrie Irving
83%
Boston CelticsJayson Tatum
76%
Los Angeles LakersBrandon Ingram
57%
Utah JazzGrayson Allen
54%
Philadelphia 76ersJ.J. Reddick
51%
Minnesota TimberwolvesTyus Jones
51%
Brooklyn NetsJahlil Okafor
46%
Miami HeatJustise Winslow
45%
Atlanta HawksMiles Plumlee
43%
Sacramento KingsMarvin Bagley III
43%
Denver NuggetsMason Plumlee
42%
Milwaukee BucksJabari Parker
38%
Detroit PistonsLuke Kennard
38%
Chicago BullsWendell Carter
37%
New Orleans PelicansFrank Jackson
32%
Cleveland CavaliersRodney Hood
25%
Portland TrailblazersGary Trent Jr
24%
*Dallas MavericksSeth Curry
24%
Los Angeles LakersLuol Deng
20%
Oklahoma City ThunderKyle Singler
20%
*Los Angeles ClippersAustin Rivers
19%
New York KnicksLance Thomas
16%

Score Distribution

Percentile by Number Answered

Percent of People with Each Score

Your Score History

You have not taken this quiz since the last reset